[Event "48th Continental Open"]
[Site "Sturbridge, MA"]
[Date "2018.08.17"]
[Round "4.5"]
[White "Markzon, Gregory"]
[Black "Mulyar, Michael"]
[Result "1/2-1/2"]
[WhiteElo "2114"]
[BlackElo "2374"]
[PlyCount "138"]
[EventDate "2018.08.??"]
[EventType "swiss"]
[EventRounds "9"]
[EventCountry "USA"]
[TimeControl "6000+10"]
[WhiteClock "0:00:58"]
[BlackClock "0:29:50"]

1. d4 {[%emt 0:00:10]} d5 2. c4 {[%emt 0:00:14]} c6 {[%emt 0:00:34]} 3. Nc3 {
[%emt 0:00:40]} Nf6 {[%emt 0:03:38]} 4. Bg5 {[%emt 0:00:50]} dxc4 {[%emt 0:01:
19]} 5. a4 {[%emt 0:03:42]} Qb6 {[%emt 0:01:37]} 6. Qd2 {[%emt 0:02:53]} Be6 {
[%emt 0:01:53]} 7. e4 {[%emt 0:04:11]} Na6 {[%emt 0:01:52]} 8. a5 {[%emt 0:02:
09]} Qd8 {[%emt 0:00:58]} 9. Nf3 {[%emt 0:03:48]} g6 {[%emt 0:00:16]} 10. e5 {
[%emt 0:01:35]} Nd7 {[%emt 0:04:23]} 11. Ne4 {[%emt 0:08:20]} Qc7 {[%emt 0:03:
02]} 12. Rc1 {[%emt 0:03:44]} Bd5 {[%emt 0:00:46]} 13. Ng3 {[%emt 0:05:48]} e6
{[%emt 0:00:46]} 14. Qc2 {[%emt 0:07:10]} Qxa5+ {[%emt 0:02:30]} 15. Bd2 {
[%emt 0:01:59]} Bb4 {[%emt 0:03:45]} 16. Ne4 {[%emt 0:00:57]} O-O {[%emt 0:09:
50]} 17. Be2 {[%emt 0:07:53]} Bxd2+ {[%emt 0:03:17]} 18. Nexd2 {[%emt 0:01:29]}
Nb4 {[%emt 0:08:34]} 19. Qc3 {[%emt 0:01:02]} Nd3+ {[%emt 0:01:13]} 20. Bxd3 {
[%emt 0:00:14]} Qxc3 {[%emt 0:00:15]} 21. bxc3 {[%emt 0:01:43]} cxd3 {[%emt 0:
00:15]} 22. c4 {[%emt 0:00:18]} Bxf3 {[%emt 0:00:17]} 23. Nxf3 {[%emt 0:00:14]}
c5 {[%emt 0:00:13]} 24. Rd1 {[%emt 0:05:38]} cxd4 {[%emt 0:01:02]} 25. Rxd3 {
[%emt 0:03:16]} Rac8 {[%emt 0:02:11]} 26. Rxd4 {[%emt 0:00:43]} Nb6 {[%emt 0:
00:18]} 27. Nd2 {[%emt 0:01:07]} Rc5 {[%emt 0:00:50]} 28. O-O {[%emt 0:02:00]}
Rxe5 {[%emt 0:00:57]} 29. Ra1 {[%emt 0:01:14]} Rc8 {[%emt 0:04:14]} 30. f4 {
[%emt 0:01:51]} Rec5 {[%emt 0:00:23]} 31. Rxa7 {[%emt 0:01:05]} Nxc4 {[%emt 0:
01:46]} 32. Rxb7 {[%emt 0:00:38]} Nxd2 {[%emt 0:02:19]} 33. Rxd2 {[%emt 0:00:
20]} Rc4 {[%emt 0:00:49]} 34. g3 {[%emt 0:02:12]} Rc2 {[%emt 0:00:33]} 35. Rbd7
{[%emt 0:00:54]} h5 {[%emt 0:01:28]} 36. Kg2 {[%emt 0:01:19]} Kg7 {[%emt 0:00:
16]} 37. h4 {[%emt 0:03:44]} R2c5 {[%emt 0:00:57]} 38. Rd8 {[%emt 0:00:40]}
Rxd8 {[%emt 0:01:01]} 39. Rxd8 {[%emt 0:01:33]} Rc7 {[%emt 0:00:13]} 40. Ra8 {
[%emt 0:00:40]} Kf6 {[%emt 0:00:14]} 41. Ra5 {[%emt 0:00:31]} Rd7 {[%emt 0:00:
28]} 42. Rb5 {[%emt 0:00:28]} Ke7 {[%emt 0:00:29]} 43. Ra5 {[%emt 0:00:17]} Rb7
{[%emt 0:00:19]} 44. Ra6 {[%emt 0:00:29]} Kd7 {[%emt 0:00:45]} 45. Kf3 {
[%emt 0:00:25]} Rb3+ {[%emt 0:00:13]} 46. Kg2 {[%emt 0:00:19]} Rc3 {[%emt 0:00:
13]} 47. Kf2 {[%emt 0:00:28]} Ke7 {[%emt 0:00:24]} 48. Rb6 {[%emt 0:00:34]} Rd3
{[%emt 0:00:13]} 49. Rb7+ {[%emt 0:00:39]} Rd7 {[%emt 0:00:14]} 50. Rb6 {
[%emt 0:01:26]} Kd8 {[%emt 0:00:22]} 51. Rb3 {[%emt 0:00:47]} Kc7 {[%emt 0:00:
18]} 52. Kf3 {[%emt 0:00:29]} Rd5 {[%emt 0:00:20]} 53. Ke4 {[%emt 0:01:30]} Kc6
{[%emt 0:00:25]} 54. Rc3+ {[%emt 0:00:44]} Kd6 {[%emt 0:00:22]} 55. Ra3 {
[%emt 0:00:21]} Rc5 {[%emt 0:00:17]} 56. Ra6+ {[%emt 0:00:25]} Rc6 {[%emt 0:00:
21]} 57. Ra7 {[%emt 0:00:24]} Rc3 {[%emt 0:00:22]} 58. Rxf7 {[%emt 0:01:30]}
Rxg3 {[%emt 0:00:14]} 59. Rg7 {[%emt 0:00:27]} Rg4 {[%emt 0:00:13]} 60. Kf3 {
[%emt 0:00:36]} e5 {[%emt 0:02:00]} 61. fxe5+ {[%emt 0:01:05]} Kxe5 {[%emt 0:
00:13]} 62. Re7+ {[%emt 0:00:11]} Kd5 {[%emt 0:00:14]} 63. Re2 {[%emt 0:01:29]}
Kd4 {[%emt 0:00:17]} 64. Re6 {[%emt 0:02:17]} Kd5 {[%emt 0:00:14]} 65. Re2 {
[%emt 0:00:35]} Kd6 {[%emt 0:00:19]} 66. Re4 {[%emt 0:00:59]} Rxe4 {[%emt 0:00:
24]} 67. Kxe4 {[%emt 0:00:11]} Ke6 {[%emt 0:00:16]} 68. Kf4 {[%emt 0:00:37]}
Kf6 {[%emt 0:00:22]} 69. Ke4 {[%emt 0:00:22]} Ke6 {[%emt 0:00:15]} 1/2-1/2

[Event "48th Continental Open"]
[Site "Sturbridge, MA"]
[Date "2018.08.17"]
[Round "4.7"]
[White "Kumar, Aravind"]
[Black "Kavi, Nithin"]
[Result "1-0"]
[WhiteElo "2169"]
[BlackElo "1995"]
[PlyCount "77"]
[EventDate "2018.08.??"]
[EventType "swiss"]
[EventRounds "9"]
[EventCountry "USA"]
[TimeControl "6000+10"]
[WhiteClock "0:00:16"]
[BlackClock "0:41:58"]

1. d4 {[%emt 0:00:10]} Nf6 2. c4 {[%emt 0:01:27]} g6 {[%emt 0:00:30]} 3. Nc3 {
[%emt 0:00:10]} Bg7 {[%emt 0:00:11]} 4. e4 {[%emt 0:00:11]} d6 {[%emt 0:00:10]}
5. Nge2 {[%emt 0:00:11]} O-O {[%emt 0:00:13]} 6. f3 {[%emt 0:00:11]} Nc6 {
[%emt 0:00:11]} 7. Be3 {[%emt 0:00:49]} Rb8 {[%emt 0:00:11]} 8. Qd2 {[%emt 0:
02:44]} a6 {[%emt 0:00:10]} 9. Rc1 {[%emt 0:00:11]} Bd7 {[%emt 0:00:11]} 10.
Nd1 {[%emt 0:00:10]} b5 {[%emt 0:08:03]} 11. c5 {[%emt 0:02:12]} e6 {[%emt 0:
00:10]} 12. Bg5 {[%emt 0:12:04]} b4 {[%emt 0:11:12]} 13. Nf2 {[%emt 0:19:56]}
Qe8 {[%emt 0:13:35]} 14. Ng3 {[%emt 0:15:33]} a5 {[%emt 0:00:11]} 15. Be2 {
[%emt 0:04:49]} h5 {[%emt 0:00:11]} 16. d5 {[%emt 0:09:17]} exd5 {[%emt 0:01:
43]} 17. exd5 {[%emt 0:00:22]} Ne7 {[%emt 0:02:51]} 18. Bxf6 {[%emt 0:06:19]}
Bxf6 {[%emt 0:00:10]} 19. Nge4 {[%emt 0:04:40]} Bg7 {[%emt 0:00:11]} 20. O-O {
[%emt 0:08:46]} Nf5 {[%emt 0:07:03]} 21. c6 {[%emt 0:02:40]} Bc8 {[%emt 0:00:
10]} 22. f4 {[%emt 0:00:10]} Qd8 {[%emt 0:02:07]} 23. Bc4 {[%emt 0:05:09]} Ra8
{[%emt 0:00:11]} 24. Rce1 {[%emt 0:03:25]} Ba6 {[%emt 0:02:25]} 25. Bxa6 {
[%emt 0:00:10]} Rxa6 {[%emt 0:00:10]} 26. Ng3 {[%emt 0:00:10]} Nd4 {[%emt 0:10:
13]} 27. Ne2 {[%emt 0:01:37]} Nf5 {[%emt 0:00:10]} 28. Ng3 {[%emt 0:00:10]} Nd4
{[%emt 0:00:10]} 29. Re3 {[%emt 0:00:00]} Rb6 {[%emt 0:00:14]} 30. Rd3 {
[%emt 0:00:00]} h4 {[%emt 0:00:11]} 31. Nge4 {[%emt 0:00:00]} Nf5 {[%emt 0:00:
10]} 32. g4 {[%emt 0:00:00]} hxg3 {[%emt 0:00:10]} 33. hxg3 {[%emt 0:00:00]}
Rb8 {[%emt 0:00:10]} 34. g4 {[%emt 0:00:00]} Ne7 {[%emt 0:00:10]} 35. Ng5 {
[%emt 0:00:00]} Qc8 {[%emt 0:00:10]} 36. Re1 {[%emt 0:00:00]} Re8 {[%emt 0:00:
10]} 37. Rde3 {[%emt 0:00:44]} Bf8 {[%emt 0:00:13]} 38. Qd4 {[%emt 0:00:11]}
Rb5 {[%emt 0:00:11]} 39. Qf6 {[%emt 0:01:36]} 1-0

[Event "48th Continental Open"]
[Site "Sturbridge, MA"]
[Date "2018.08.17"]
[Round "4.8"]
[White "Isakov, Michael"]
[Black "Meyer, Evan"]
[Result "1/2-1/2"]
[WhiteElo "2163"]
[BlackElo "2080"]
[PlyCount "75"]
[EventDate "2018.08.??"]
[EventType "swiss"]
[EventRounds "9"]
[EventCountry "USA"]

1. d4 Nf6 2. Nf3 d5 3. c4 Bf5 4. Nc3 e6 5. Qb3 Nc6 6. c5 Rb8 7. h3 Be7 8. Bf4
O-O 9. e3 Ne4 10. Bb5 f6 11. O-O a6 12. Be2 b6 13. Qa4 Qd7 14. cxb6 Rxb6 15.
Rac1 Bd6 16. Bxd6 cxd6 17. Nh4 Bg6 18. Nxg6 hxg6 19. Nxe4 dxe4 20. Rc2 Qb7 21.
Rfc1 Rc8 22. f3 Kf7 23. fxe4 Ne7 24. Rxc8 Nxc8 25. Bf3 Rxb2 26. e5 d5 27. exf6
gxf6 28. Qa5 Rb1 29. Rxb1 Qxb1+ 30. Kf2 Qb7 31. Qd8 Ne7 32. h4 Qb2+ 33. Kg3 Qd2
34. h5 Qe1+ 35. Kh2 Qh4+ 36. Kg1 Qe1+ 37. Kh2 Qh4+ 38. Kg1 1/2-1/2

[Event "48th Continental Open"]
[Site "Sturbridge, MA"]
[Date "2018.08.17"]
[Round "4.9"]
[White "Taylor, Steven"]
[Black "Botta, Alejandro"]
[Result "1/2-1/2"]
[WhiteElo "2081"]
[BlackElo "2156"]
[Annotator "Hater,David"]
[PlyCount "131"]
[EventDate "2018.08.??"]
[EventType "swiss"]
[EventRounds "9"]
[EventCountry "USA"]

1. Nf3 f5 2. g3 Nf6 3. Bg2 g6 4. O-O Bg7 5. d4 O-O 6. b3 d6 7. Bb2 Ne4 8. Nbd2
Nc6 9. c4 e5 10. d5 Nxd2 11. Qxd2 Nb8 12. Rac1 Nd7 13. b4 Nf6 14. Ne1 Bd7 15.
Nd3 Qe7 16. Qc2 g5 17. Qb3 Qe8 18. c5 Kh8 19. cxd6 cxd6 20. Rc7 Rb8 21. Qa3 a6
22. b5 e4 23. Qxd6 Rd8 24. Nc5 Bxb5 25. Qb6 Bd7 26. Ne6 Bxe6 27. dxe6 Rb8 28.
Rd1 Qa4 29. Rd4 Qxa2 30. Rxb7 Rxb7 31. Qxb7 Qxe6 32. Ra4 Qd5 33. Qxa6 Ng4 34.
Bxg7+ Kxg7 35. Qa7+ Rf7 36. Qd4+ Qxd4 37. Rxd4 Rc7 38. Rd1 Rc2 39. Bf1 Ne5 40.
Kg2 f4 41. gxf4 gxf4 42. Rd4 f3+ 43. exf3 e3 44. Re4 Rxf2+ 45. Kg3 Rxf3+ 46.
Kg2 Kf6 47. Bb5 Rf2+ 48. Kg3 Rb2 49. Ba6 Ra2 50. Bb5 Ra5 51. Be2 Ra3 52. Kf4
Ng6+ 53. Kf3 Kg5 54. Rxe3 Ne5+ 55. Ke4 Rxe3+ 56. Kxe3 Kh4 57. Kf2 Kh3 58. Kg1
h6 59. Bf1+ Kh4 60. Kg2 Ng4 61. Be2 Ne3+ 62. Kf3 Nf5 63. Kf4 Nd4 64. Bf1 Ne6+
65. Kf5 Ng5 66. Kg6 1/2-1/2

[Event "48th Continental Open"]
[Site "Sturbridge, MA"]
[Date "2018.08.17"]
[Round "4.10"]
[White "Samadashvili, Martha"]
[Black "Wu, Brandon"]
[Result "1-0"]
[WhiteElo "2136"]
[BlackElo "1980"]
[PlyCount "105"]
[EventDate "2018.08.??"]
[EventType "swiss"]
[EventRounds "9"]
[EventCountry "USA"]

1. e4 e5 2. Nf3 Nc6 3. Bc4 Bc5 4. O-O Nf6 5. d3 O-O 6. c3 d6 7. b4 Bb6 8. Bb3
Ne7 9. Nbd2 c6 10. Nc4 Bc7 11. Re1 Ng6 12. d4 Nxe4 13. Rxe4 d5 14. Re1 dxc4 15.
Bxc4 Bg4 16. Be2 e4 17. Ng5 Bxe2 18. Qxe2 Re8 19. Qg4 Qd5 20. Rxe4 f5 21. Rxe8+
Rxe8 22. Qd1 Nh4 23. f3 h6 24. Nh3 Qc4 25. Bf4 Bxf4 26. Nxf4 g5 27. Nd3 Re3 28.
Ne5 Qxc3 29. Qb3+ Qxb3 30. axb3 a6 31. g3 Nxf3+ 32. Kf2 Rxb3 33. Nxf3 Rxb4 34.
Rd1 Rb5 35. h4 gxh4 36. gxh4 a5 37. Ne5 a4 38. Ke3 a3 39. Ra1 Rb3+ 40. Kf4 b5
41. Nxc6 Rc3 42. d5 Kf7 43. Kxf5 Rf3+ 44. Ke4 Rh3 45. Ke5 Ke8 46. Kd6 Re3 47.
Kc7 Rd3 48. d6 b4 49. Nxb4 Rd2 50. Rxa3 Rd4 51. Nc6 Rd5 52. Re3+ Kf8 53. d7 1-0

[Event "48th Continental Open"]
[Site "Sturbridge, MA"]
[Date "2018.08.17"]
[Round "4.11"]
[White "Otchiyev, Arslan"]
[Black "Poliannikov, Danila"]
[Result "1/2-1/2"]
[WhiteElo "2333"]
[BlackElo "1994"]
[PlyCount "55"]
[EventDate "2018.08.??"]
[EventType "swiss"]
[EventRounds "9"]
[EventCountry "USA"]
[TimeControl "6000+10"]
[WhiteClock "0:49:23"]
[BlackClock "1:12:02"]

1. e4 {[%emt 0:00:10]} e5 {[%emt 0:00:20]} 2. Nf3 {[%emt 0:00:12]} Nc6 {
[%emt 0:00:16]} 3. Bb5 {[%emt 0:00:43]} a6 {[%emt 0:00:10]} 4. Ba4 {[%emt 0:00:
10]} Nf6 {[%emt 0:00:46]} 5. O-O {[%emt 0:00:11]} Nxe4 {[%emt 0:00:10]} 6. d4 {
[%emt 0:00:10]} b5 {[%emt 0:00:10]} 7. Bb3 {[%emt 0:00:10]} d5 {[%emt 0:00:39]}
8. dxe5 {[%emt 0:00:10]} Be6 {[%emt 0:00:10]} 9. c3 {[%emt 0:01:01]} Bc5 {
[%emt 0:00:11]} 10. Nbd2 {[%emt 0:00:10]} O-O {[%emt 0:00:11]} 11. Qe2 {
[%emt 0:00:39]} Bf5 {[%emt 0:01:18]} 12. a4 {[%emt 0:12:10]} Rb8 {[%emt 0:06:
03]} 13. axb5 {[%emt 0:00:11]} axb5 {[%emt 0:00:10]} 14. Ra6 {[%emt 0:03:13]}
Bb6 {[%emt 0:00:10]} 15. Nxe4 {[%emt 0:19:18]} dxe4 {[%emt 0:00:48]} 16. Ng5 {
[%emt 0:00:11]} Nxe5 {[%emt 0:01:03]} 17. Nxe4 {[%emt 0:01:13]} Qd3 {[%emt 0:
02:03]} 18. Qxd3 {[%emt 0:06:42]} Nxd3 {[%emt 0:00:18]} 19. Ng3 {[%emt 0:00:32]
} Bg6 {[%emt 0:01:27]} 20. Be3 {[%emt 0:05:26]} Bxe3 {[%emt 0:06:53]} 21. fxe3
{[%emt 0:00:11]} Nc5 {[%emt 0:03:50]} 22. Ra3 {[%emt 0:00:10]} b4 {[%emt 0:00:
36]} 23. cxb4 {[%emt 0:00:10]} Rxb4 {[%emt 0:00:10]} 24. Bd5 {[%emt 0:00:36]}
Rxb2 {[%emt 0:04:16]} 25. Rc3 {[%emt 0:00:10]} Ne6 {[%emt 0:00:10]} 26. Bxe6 {
[%emt 0:00:56]} fxe6 {[%emt 0:00:10]} 27. Rxf8+ {[%emt 0:00:11]} Kxf8 {[%emt 0:
00:10]} 28. Rxc7 {[%emt 0:00:11]} 1/2-1/2

[Event "48th Continental Open"]
[Site "Sturbridge, MA"]
[Date "2018.08.17"]
[Round "4.12"]
[White "Mishra, Abhimanyu"]
[Black "Fiedler, Brian"]
[Result "0-1"]
[WhiteElo "2166"]
[BlackElo "1978"]
[PlyCount "113"]
[EventDate "2018.08.??"]
[EventType "swiss"]
[EventRounds "9"]
[EventCountry "USA"]

1. g3 d5 2. Bg2 c6 3. d3 Nf6 4. Nc3 Bg4 5. f3 Bh5 6. e4 e6 7. Nh3 Be7 8. O-O
O-O 9. Qe2 Nbd7 10. g4 Bg6 11. Nf2 dxe4 12. fxe4 e5 13. Ncd1 Ne8 14. Ne3 Nc7
15. Nf5 Ne6 16. Nxe7+ Qxe7 17. Nd1 Nf6 18. Ne3 h5 19. h3 hxg4 20. hxg4 Nh7 21.
Nf5 Qd7 22. Be3 Nhg5 23. Qf2 f6 24. Rad1 Rfd8 25. Kh2 b6 26. Kg3 c5 27. Rd2 a5
28. Rfd1 Qb7 29. a4 Rd7 30. b3 Rad8 31. Kh4 Qc6 32. Kg3 Nd4 33. Rf1 Rf8 34.
Rdd1 Nde6 35. Rh1 Kf7 36. Nh4 Bh7 37. Nf5 Ke8 38. Bxg5 Nxg5 39. Ne3 Bg6 40. Nd5
Bf7 41. Qf5 Rd6 42. Rhf1 Kd8 43. Qf2 Be6 44. Qe2 Qd7 45. Rf2 Rh8 46. Rh1 Rxh1
47. Bxh1 Kc8 48. Rh2 Qd8 49. c3 Kb7 50. Bg2 Qe8 51. Rh1 Rd8 52. b4 axb4 53.
cxb4 cxb4 54. Rb1 Bxd5 55. exd5 Rd6 56. Qd2 e4 57. Rxb4 0-1

[Event "48th Continental Open"]
[Site "Sturbridge, MA"]
[Date "2018.08.17"]
[Round "4.13"]
[White "Tang, Jason"]
[Black "Shanmugasundaram, Coimbatore"]
[Result "1/2-1/2"]
[WhiteElo "1908"]
[BlackElo "2147"]
[PlyCount "116"]
[EventDate "2018.08.??"]
[EventType "swiss"]
[EventRounds "9"]
[EventCountry "USA"]
[TimeControl "6000+10"]
[WhiteClock "0:01:41"]
[BlackClock "0:02:33"]

1. e4 {[%emt 0:00:10]} c5 {[%emt 0:00:28]} 2. Nf3 {[%emt 0:00:27]} e6 {[%emt 0:
00:23]} 3. d4 {[%emt 0:00:12]} cxd4 {[%emt 0:00:14]} 4. Nxd4 {[%emt 0:00:13]}
Nc6 {[%emt 0:00:16]} 5. Nc3 {[%emt 0:00:16]} Qc7 {[%emt 0:00:20]} 6. f4 {
[%emt 0:00:25]} a6 {[%emt 0:01:50]} 7. Nb3 {[%emt 0:02:26]} d6 {[%emt 0:01:58]}
8. Bd3 {[%emt 0:00:27]} b5 {[%emt 0:03:05]} 9. Qf3 {[%emt 0:02:26]} Bb7 {
[%emt 0:00:33]} 10. O-O {[%emt 0:01:15]} Nf6 {[%emt 0:02:12]} 11. Be3 {[%emt 0:
03:38]} Be7 {[%emt 0:03:03]} 12. Rae1 {[%emt 0:07:31]} O-O {[%emt 0:05:25]} 13.
Kh1 {[%emt 0:08:48]} Nb4 {[%emt 0:12:56]} 14. Qh3 {[%emt 0:18:26]} e5 {[%emt 0:
08:00]} 15. a3 {[%emt 0:13:27]} Nxd3 {[%emt 0:04:20]} 16. cxd3 {[%emt 0:00:16]}
Bc8 {[%emt 0:10:17]} 17. Qf3 {[%emt 0:09:20]} Bg4 {[%emt 0:01:39]} 18. Qg3 {
[%emt 0:09:58]} Be6 {[%emt 0:00:31]} 19. Nd2 {[%emt 0:01:48]} Nh5 {[%emt 0:00:
46]} 20. Qf3 {[%emt 0:01:40]} Nxf4 {[%emt 0:00:23]} 21. Bxf4 {[%emt 0:00:13]}
exf4 {[%emt 0:00:14]} 22. Qxf4 {[%emt 0:00:30]} Bf6 {[%emt 0:10:09]} 23. Rc1 {
[%emt 0:05:05]} Qb6 {[%emt 0:01:06]} 24. Nf3 {[%emt 0:02:21]} h6 {[%emt 0:03:
16]} 25. Qd2 {[%emt 0:00:58]} b4 {[%emt 0:04:38]} 26. axb4 {[%emt 0:02:06]}
Qxb4 {[%emt 0:00:27]} 27. Nd5 {[%emt 0:01:07]} Qxb2 {[%emt 0:00:46]} 28. Rc2 {
[%emt 0:00:17]} Qb5 {[%emt 0:03:55]} 29. Nxf6+ {[%emt 0:01:08]} gxf6 {[%emt 0:
00:10]} 30. Nd4 {[%emt 0:07:09]} Qg5 {[%emt 0:00:16]} 31. Qf2 {[%emt 0:00:39]}
Rac8 {[%emt 0:02:25]} 32. Rxc8 {[%emt 0:00:00]} Rxc8 {[%emt 0:00:51]} 33. h4 {
[%emt 0:00:00]} Qe5 {[%emt 0:04:50]} 34. Nxe6 {[%emt 0:00:00]} Qxe6 {[%emt 0:
01:23]} 35. Qxf6 {[%emt 0:00:52]} a5 {[%emt 0:04:49]} 36. Qa1 {[%emt 0:00:00]}
Qe5 {[%emt 0:01:36]} 37. Qxe5 {[%emt 0:00:03]} dxe5 {[%emt 0:00:10]} 38. Ra1 {
[%emt 0:00:23]} Ra8 {[%emt 0:01:31]} 39. Ra4 {[%emt 0:00:11]} h5 {[%emt 0:02:
37]} 40. Kg1 {[%emt 0:00:18]} Kg7 {[%emt 0:01:03]} 41. Kf2 {[%emt 0:00:00]} f5
{[%emt 0:02:08]} 42. exf5 {[%emt 0:00:00]} Kf6 {[%emt 0:00:08]} 43. Ke3 {
[%emt 0:00:00]} Kxf5 {[%emt 0:00:12]} 44. g3 {[%emt 0:00:00]} Rg8 {[%emt 0:00:
00]} 45. Kf3 {[%emt 0:00:00]} Rd8 {[%emt 0:00:00]} 46. Ke2 {[%emt 0:00:18]} Ra8
{[%emt 0:00:00]} 47. Ke3 {[%emt 0:00:10]} Ra7 {[%emt 0:00:00]} 48. Kf3 {
[%emt 0:00:00]} Rd7 {[%emt 0:00:21]} 49. Ke3 {[%emt 0:00:13]} Rd5 {[%emt 0:00:
21]} 50. Ke2 {[%emt 0:00:43]} Rb5 {[%emt 0:00:00]} 51. Kf3 {[%emt 0:00:00]} Rd5
{[%emt 0:00:00]} 52. Ke3 {[%emt 0:00:00]} Rc5 {[%emt 0:00:05]} 53. Kf3 {
[%emt 0:00:07]} Rd5 {[%emt 0:00:00]} 54. Ke3 {[%emt 0:00:13]} Rb5 {[%emt 0:00:
00]} 55. Kf3 {[%emt 0:00:00]} Ke6 {[%emt 0:00:00]} 56. Ke3 {[%emt 0:00:58]} Kd5
{[%emt 0:00:00]} 57. g4 {[%emt 0:00:00]} hxg4 {[%emt 0:00:00]} 58. Rxg4 {
[%emt 0:00:00]} Rb8 {[%emt 0:00:00]} 1/2-1/2

[Event "48th Continental Open"]
[Site "Sturbridge, MA"]
[Date "2018.08.17"]
[Round "4.14"]
[White "Ramanathan, Suraj"]
[Black "Tanenbaum, Zachary"]
[Result "0-1"]
[WhiteElo "1961"]
[BlackElo "2133"]
[PlyCount "90"]
[EventDate "2018.08.??"]
[EventType "swiss"]
[EventRounds "9"]
[EventCountry "USA"]

1. d4 d5 2. c4 Bf5 3. cxd5 Bxb1 4. Rxb1 Qxd5 5. a3 Nc6 6. Nf3 O-O-O 7. e3 e5 8.
Qc2 exd4 9. Bc4 Qh5 10. exd4 Bd6 11. Be3 Nf6 12. h3 Nd5 13. O-O Nxe3 14. fxe3
Rhe8 15. Rbe1 Re7 16. e4 Nxd4 17. Nxd4 Bc5 18. Kh1 Bxd4 19. Qb3 Bf6 20. Be2 Qe5
21. Bg4+ Kb8 22. Rd1 Ree8 23. Qxf7 Rf8 24. Rxd8+ Rxd8 25. Rc1 Qf4 26. Re1 Qg3
27. Rb1 Be5 28. Kg1 Bd6 29. Bf3 Bc5+ 30. Kh1 Bd6 31. Kg1 Qh2+ 32. Kf2 Bc5+ 33.
Ke2 Qd6 34. Qd5 Qa6+ 35. Kd2 Rxd5+ 36. exd5 Qh6+ 37. Kd3 Qe3+ 38. Kc2 Qf2+ 39.
Kb3 Qe3+ 40. Ka2 a6 41. Rd1 a5 42. h4 a4 43. h5 Be7 44. Kb1 Qb3 45. Kc1 Bf6 0-1

[Event "48th Continental Open"]
[Site "Sturbridge, MA"]
[Date "2018.08.17"]
[Round "4.15"]
[White "Tian, Eddy"]
[Black "Bader, Jeremy"]
[Result "0-1"]
[WhiteElo "2121"]
[BlackElo "1845"]
[PlyCount "108"]
[EventDate "2018.08.??"]
[EventType "swiss"]
[EventRounds "9"]
[EventCountry "USA"]
[TimeControl "6000+10"]
[WhiteClock "0:00:14"]
[BlackClock "0:00:22"]

1. e4 {[%emt 0:00:10]} c5 {[%emt 0:00:26]} 2. Nf3 {[%emt 0:00:18]} e6 {[%emt 0:
00:14]} 3. d3 {[%emt 0:00:30]} Nc6 {[%emt 0:02:12]} 4. g3 {[%emt 0:00:28]} Qc7
{[%emt 0:02:18]} 5. Bg2 {[%emt 0:01:07]} Nf6 {[%emt 0:00:38]} 6. O-O {[%emt 0:
01:01]} Be7 {[%emt 0:00:55]} 7. Qe2 {[%emt 0:00:43]} d6 {[%emt 0:00:39]} 8. Nc3
{[%emt 0:03:26]} O-O {[%emt 0:01:28]} 9. h3 {[%emt 0:01:54]} Bd7 {[%emt 0:02:
02]} 10. Be3 {[%emt 0:01:44]} Rac8 {[%emt 0:04:41]} 11. a4 {[%emt 0:06:35]} a6
{[%emt 0:02:57]} 12. Nh2 {[%emt 0:04:52]} Nd4 {[%emt 0:01:09]} 13. Qd2 {
[%emt 0:01:27]} Rfd8 {[%emt 0:06:06]} 14. f4 {[%emt 0:02:19]} Bc6 {[%emt 0:05:
24]} 15. g4 {[%emt 0:04:56]} b5 {[%emt 0:07:23]} 16. axb5 {[%emt 0:11:25]} axb5
{[%emt 0:00:26]} 17. Ne2 {[%emt 0:02:10]} Nxe2+ {[%emt 0:02:47]} 18. Qxe2 {
[%emt 0:02:02]} Ra8 {[%emt 0:00:11]} 19. Rxa8 {[%emt 0:04:29]} Rxa8 {[%emt 0:
01:17]} 20. g5 {[%emt 0:01:40]} Nd7 {[%emt 0:03:16]} 21. f5 {[%emt 0:04:22]}
Bf8 {[%emt 0:05:01]} 22. fxe6 {[%emt 0:04:56]} fxe6 {[%emt 0:00:17]} 23. g6 {
[%emt 0:02:12]} hxg6 {[%emt 0:01:39]} 24. Qg4 {[%emt 0:02:00]} Re8 {[%emt 0:00:
38]} 25. Qxg6 {[%emt 0:01:24]} Ne5 {[%emt 0:00:18]} 26. Qg3 {[%emt 0:00:59]}
Re7 {[%emt 0:07:05]} 27. Bf4 {[%emt 0:02:01]} Rf7 {[%emt 0:04:13]} 28. Bxe5 {
[%emt 0:01:20]} Rxf1+ {[%emt 0:00:43]} 29. Bxf1 {[%emt 0:00:23]} dxe5 {[%emt 0:
00:14]} 30. Nf3 {[%emt 0:00:57]} Bd6 {[%emt 0:05:58]} 31. Ng5 {[%emt 0:01:00]}
Qe7 {[%emt 0:01:04]} 32. Be2 {[%emt 0:02:00]} Be8 {[%emt 0:02:57]} 33. Qh4 {
[%emt 0:10:54]} Qf6 {[%emt 0:01:56]} 34. Bh5 {[%emt 0:04:17]} Qh6 {[%emt 0:11:
22]} 35. Nxe6 {[%emt 0:07:54]} Qxh5 {[%emt 0:08:01]} 36. Qd8 {[%emt 0:00:46]}
Qg6+ {[%emt 0:00:22]} 37. Ng5 {[%emt 0:00:14]} Kf8 {[%emt 0:01:05]} 38. h4 {
[%emt 0:02:12]} Be7 {[%emt 0:00:23]} 39. Qd5 {[%emt 0:00:18]} Bxg5 {[%emt 0:00:
55]} 40. hxg5 {[%emt 0:00:11]} Qxg5+ {[%emt 0:00:17]} 41. Kf2 {[%emt 0:00:23]}
Qd2+ {[%emt 0:01:54]} 42. Kg3 {[%emt 0:02:21]} Qf4+ {[%emt 0:01:34]} 43. Kg2 {
[%emt 0:00:21]} Qg5+ {[%emt 0:02:42]} 44. Kh2 {[%emt 0:00:00]} Qe7 {[%emt 0:00:
03]} 45. c3 {[%emt 0:00:32]} Bd7 {[%emt 0:00:00]} 46. Qa8+ {[%emt 0:00:00]} Kf7
{[%emt 0:00:00]} 47. Qd5+ {[%emt 0:00:00]} Kg6 {[%emt 0:00:00]} 48. Kg3 {
[%emt 0:00:00]} Qg5+ {[%emt 0:00:56]} 49. Kf2 {[%emt 0:00:00]} Qd2+ {[%emt 0:
00:06]} 50. Kf3 {[%emt 0:00:21]} Qf4+ {[%emt 0:00:00]} 51. Kg2 {[%emt 0:00:18]}
Bg4 {[%emt 0:00:06]} 52. Qxc5 {[%emt 0:00:34]} Qf3+ 53. Kh2 Qh3+ 54. Kg1 Bf3
0-1

[Event "48th Continental Open"]
[Site "Sturbridge, MA"]
[Date "2018.08.17"]
[Round "4.16"]
[White "Kang, Dorian"]
[Black "Torres, Yelfry"]
[Result "1/2-1/2"]
[WhiteElo "1853"]
[BlackElo "2120"]
[PlyCount "80"]
[EventDate "2018.08.??"]
[EventType "swiss"]
[EventRounds "9"]
[EventCountry "USA"]

1. e4 c5 2. Nf3 Nc6 3. Bb5 Qb6 4. Bxc6 Qxc6 5. Nc3 Nf6 6. Qe2 a6 7. d4 d5 8.
exd5 Nxd5 9. Nxd5 Qxd5 10. dxc5 Qxc5 11. Be3 Qa5+ 12. c3 Bg4 13. h3 Bh5 14. O-O
e6 15. Rfd1 Be7 16. a4 Qc7 17. Bd4 O-O 18. g4 Bg6 19. Qe3 Bd6 20. Bb6 Qc6 21.
a5 Bc7 22. Ne5 Bxe5 23. Qxe5 Qf3 24. Qe3 Qc6 25. Rd4 Rfe8 26. Rad1 e5 27. Rd7
Rac8 28. Qe2 Re6 29. c4 h6 30. b3 Be4 31. Rd8+ Rxd8 32. Rxd8+ Kh7 33. Rd2 Bh1
34. Qd3+ Be4 35. Qd7 Kg6 36. Qxc6 Bxc6 37. Be3 Re7 38. Rd6+ f6 39. b4 Rd7 40.
Rxd7 Bxd7 1/2-1/2